| 000 | 00708nam a22002177a 4500 | ||
|---|---|---|---|
| 999 |
_c1311 _d1311 |
||
| 003 | AR-CdUCM | ||
| 008 | 190226b ||||| |||| 00| 0 spa d | ||
| 040 |
_aMUNICIPALIDAD PROVINCIAL DEL CUSCO _cBIBLIOTECA MUNICIPAL DEL CUSCO |
||
| 082 |
_a868.3 / _bV43 |
||
| 100 |
_aVelez de Guevara, Luis _95045 |
||
| 245 | _aEl Asombro de Turquia y el Valiente Toledano / | ||
| 260 |
_aLa Victoria : _bContinental, |
||
| 300 |
_a127 paginas ; _c15cm. |
||
| 505 | _aEl Asombro de turquia -- Jornada primera -- Jornada segunda -- Jornada tercera | ||
| 650 |
_aEnsayo teatral _95046 |
||
| 650 |
_aMusica _91443 |
||
| 650 |
_aLiteratura _983 |
||
| 650 |
_aPeru _9429 |
||
| 942 |
_2ddc _cLIBROS |
||
| 945 |
_apjha _d2019-02-26 |
||